| 000 | 02872nab a2200277 i 4500 | ||
|---|---|---|---|
| 003 | BR-BrBNA | ||
| 005 | 20241119232344.0 | ||
| 008 | 241119b2017 bl.mr|pooa||| 00| 0 eng | | ||
| 040 |
_aBR-BrBNA _beng |
||
| 072 |
_aF03 _b0550 |
||
| 100 | _aSilva, Clíssia Barboza da | ||
| 100 | _aBarbosa, Rafael Marani | ||
| 100 | _aVieira, Roberval Daiton | ||
| 245 | _aAccelerated aging as vigor test for sunn hemp seeds | ||
| 500 | _aPublicação on-line; 25 ref.; 3 tables; Sumaries (En, Pt) | ||
| 520 | _a ABSTRACT - This study aimed to determine the most appropriate method to assess the sunn hemp (Crotalaria juncea L.) seed vigor in the accelerated aging test. Five seed lots from harvest 2007/2008 were evaluated for germination, vigor and seedling emergence in the field. Accelerated aging test was performed at 41°C during 48, 72 and 96 hours, with and without sodium chloride saturated solution. Then, the promising procedure was also performed for 2008/2009 and 2009/2010 harvests. In the traditional accelerated aging test, the no-uniform water acquisition by the seeds adversely affected results. Accelerated aging test with sodium chloride saturated solution is the most appropriate method to evaluate the physiological potential of sunn hemp seeds, and the combination of 41°C and 96 hours is efficient for separating of seed lots in different vigor levels. Key words: Crotalaria juncea L., forage crop, physiological potential, germination, standization. | ||
| 520 | _a RESUMO - Esta pesquisa objetivou determinar os procedimentos mais adequados para avaliação do vigor de sementes de crotalária (Crotalaria juncea L.) pelo teste de envelhecimento acelerado. Para tanto, cinco lotes de sementes foram avaliados quanto à germinação, vigor e emergência de plântulas em campo. O procedimento do teste de envelhecimento acelerado foi testado com 41°C durante 48, 72 e 96 horas, com e sem o uso de solução saturada de cloreto de sódio. O envelhecimento acelerado com o uso de solução saturada de cloreto de sódio é o método mais adequado para avaliação do potencial fisiológico de sementes de crotalária, sendo a combinação 41°C e 96 horas eficiente na classificação de lotes em diferentes níveis de vigor. Palavras-chave: Crotalaria juncea L., forrageira, potencial fisiológico, germinação, padronização. | ||
| 650 | _aCÂNHAMO DA ÍNDIA | ||
| 650 | _aTESTE DE SEMENTES | ||
| 650 | _aGERMINAÇÃO | ||
| 650 | _aNORMALIZAÇÃO | ||
| 773 | 0 |
_02408 _9346527 _dSanta Maria-RS Universidade Federal de Santa Maria - Centro de Ciências Rurais 1991 _o2024-7198 _tCiência Rural (Brazil) _x0103-8478 Versão online ISSN 1678-4596 _gv. 47(1) p. 1 - 6; (2017) _wBR2024003451 |
|
| 856 | _uhttps://www.scielo.br/j/cr/a/SyB44YbLtVJQ4JSdSWSC3zq/?format=pdf&lang=en | ||
| 942 | _cANA | ||
| 999 |
_c328727 _d328727 |
||